[Event "Novi Sad"]
[Site "Novi Sad"]
[Date "1976.10.13"]
[Round "13"]
[White "Hort, Vlastimil"]
[Black "Velimirovic, Dragoljub"]
[Result "1-0"]
[WhiteElo "2600"]
[BlackElo "2525"]
[PlyCount "57"]
[EventDate "1976.09.29"]
[EventType "tourn"]
[EventRounds "11"]
[EventCountry "YUG"]
[Source "ChessBase"]
[SourceDate "1998.11.10"]
[WhiteTeamCountry "YUG"]
[BlackTeamCountry "FIN"]

1. d4 c5 2. c3 d5 3. dxc5 e6 4. b4 a5 5. a3 b6 6. cxb6 axb4 7. cxb4 Bxb4+ 8.
axb4 Rxa1 9. Bb2 Rxb1 10. Qxb1 Nf6 11. e3 O-O 12. Nf3 Qxb6 13. Bd4 Qb7 14. Bd3
Ne4 15. O-O f6 16. Bxe4 dxe4 17. Nd2 f5 18. b5 Rd8 19. Rc1 Rd5 20. Qb2 Bd7 21.
Bxg7 Bxb5 22. Qf6 Nd7 23. Qe7 h5 24. h4 Nc5 25. Qf8+ Kh7 26. Qh8+ Kg6 27. Bd4
Rxd4 28. exd4 Nd7 29. Qg8+ 1-0

[Event "Novi Sad"]
[Site "Novi Sad"]
[Date "1976.10.14"]
[Round "14"]
[White "Buljovcic, Ivan"]
[Black "Velimirovic, Dragoljub"]
[Result "0-1"]
[WhiteElo "2455"]
[BlackElo "2525"]
[PlyCount "156"]
[EventDate "1976.09.29"]
[EventType "tourn"]
[EventRounds "11"]
[EventCountry "YUG"]
[Source "ChessBase"]
[SourceDate "1998.11.10"]
[WhiteTeamCountry "YUG"]
[BlackTeamCountry "FIN"]

1. e4 c5 2. c3 e6 3. Nf3 Nc6 4. d4 d5 5. exd5 exd5 6. Bb5 c4 7. b3 cxb3 8. axb3
Bd6 9. O-O Nge7 10. Ba3 O-O 11. Re1 Ng6 12. Nbd2 Bf5 13. g3 Bxa3 14. Rxa3 Qd6
15. Ra1 Rfe8 16. Bf1 a5 17. Qc1 Rxe1 18. Nxe1 Rc8 19. Qb2 b6 20. Ng2 Bh3 21.
Bd3 Re8 22. Re1 Re6 23. Nf3 Bg4 24. Nd2 Nge7 25. Rxe6 fxe6 26. Ne3 Bh3 27. f4
g5 28. fxg5 e5 29. Bf1 Bxf1 30. Ndxf1 exd4 31. cxd4 Qg6 32. Qc3 Qxg5 33. Nd2
Qf6 34. Nc2 Qe6 35. Qd3 Nf5 36. Nf3 Qe4 37. Qxe4 dxe4 38. g4 Nd6 39. Ne5 Nxe5
40. dxe5 Nf7 41. e6 Ng5 42. Kf2 Nxe6 43. Ke3 Kf7 44. b4 Ng5 45. Kf4 Kf6 46. Ne3
axb4 47. Nd5+ Kg6 48. Nxb4 Ne6+ 49. Kxe4 Kg5 50. Nd5 b5 51. Kf3 Nc5 52. Kg3
Ne4+ 53. Kf3 Nc5 54. Kg3 Na6 55. h4+ Kg6 56. h5+ Kg5 57. Nc3 b4 58. Ne4+ Kh6
59. Kh4 b3 60. g5+ Kg7 61. Kg4 b2 62. Nc3 Nc5 63. Kf5 Kf8 64. Nb1 Ke7 65. g6 h6
66. g7 Kf7 67. g8=Q+ Kxg8 68. Kg6 Ne4 69. Kxh6 Kf7 70. Na3 Kf6 71. Kh7 Ng3 72.
Kh6 Kf5 73. Kg7 Nxh5+ 74. Kf7 Ng3 75. Ke7 Ne4 76. Kd7 Nd2 77. Kc6 Nc4 78. Nb1
Ke4 0-1

[Event "YUG-ch"]
[Site "Belgrade"]
[Date "1978.01.20"]
[Round "1"]
[White "Velimirovic, Dragoljub"]
[Black "Kovacevic, Vlatko"]
[Result "1-0"]
[WhiteElo "2520"]
[BlackElo "2505"]
[PlyCount "73"]
[EventDate "1978.01.??"]
[EventType "tourn"]
[EventRounds "17"]
[EventCountry "YUG"]
[EventCategory "10"]
[Source "ChessBase"]
[SourceDate "1998.11.10"]
[WhiteTeamCountry "ROM"]
[BlackTeamCountry "YUG"]

1. e4 e6 2. d4 d5 3. Nc3 Bb4 4. e5 f6 5. a3 Bf8 6. Bd3 Qd7 7. Nf3 Nc6 8. O-O
fxe5 9. Bb5 Bd6 10. Bxc6 bxc6 11. Nxe5 Bxe5 12. Qh5+ Qf7 13. Qxe5 Nf6 14. Bf4
O-O 15. Qxc7 Ne4 16. Qxf7+ Rxf7 17. Be5 Nxc3 18. bxc3 Ba6 19. Rfb1 Rb7 20. Rxb7
Bxb7 21. Rb1 Ba6 22. a4 Kf7 23. f3 g5 24. Rb8 Rxb8 25. Bxb8 Be2 26. Bxa7 Bd1
27. a5 Bxc2 28. Bb6 Bd3 29. Bd8 h6 30. Kf2 Ba6 31. g4 c5 32. Ke3 cxd4+ 33. cxd4
Kg6 34. f4 Bc4 35. fxg5 hxg5 36. h4 gxh4 37. Bxh4 1-0

[Event "YUG-ch"]
[Site "Belgrade"]
[Date "1978.01.21"]
[Round "2"]
[White "Ostojic, Predrag"]
[Black "Velimirovic, Dragoljub"]
[Result "1/2-1/2"]
[WhiteElo "2420"]
[BlackElo "2520"]
[PlyCount "72"]
[EventDate "1978.01.??"]
[EventType "tourn"]
[EventRounds "17"]
[EventCountry "YUG"]
[EventCategory "10"]
[Source "ChessBase"]
[SourceDate "1998.11.10"]
[WhiteTeamCountry "ROM"]
[BlackTeamCountry "YUG"]

1. Nf3 c5 2. c4 g6 3. g3 Bg7 4. Bg2 Nc6 5. Nc3 a6 6. a3 Rb8 7. Rb1 b5 8. cxb5
axb5 9. b4 cxb4 10. axb4 e5 11. d4 Nxd4 12. Nxd4 exd4 13. Nd5 Bb7 14. Bb2 Bxd5
15. Bxd5 Qb6 16. Qb3 Nh6 17. e4 O-O 18. O-O Kh8 19. Rbd1 f5 20. Qd3 fxe4 21.
Bxe4 d5 22. Bg2 Nf5 23. g4 Ne7 24. Bxd4 Bxd4 25. Qxd4+ Qxd4 26. Rxd4 Rfd8 27.
Rfd1 Rd6 28. Bf1 Rc6 29. Re1 Rc7 30. Rd2 Kg7 31. h4 Kf7 32. Bd3 Rb6 33. f3 Rd6
34. Rf2 Nc6 35. Rb1 Ne5 36. Be2 Ke6 1/2-1/2

[Event "YUG-ch"]
[Site "Belgrade"]
[Date "1978.01.22"]
[Round "3"]
[White "Velimirovic, Dragoljub"]
[Black "Rajkovic, Dusan"]
[Result "0-1"]
[WhiteElo "2520"]
[BlackElo "2490"]
[PlyCount "58"]
[EventDate "1978.01.??"]
[EventType "tourn"]
[EventRounds "17"]
[EventCountry "YUG"]
[EventCategory "10"]
[Source "ChessBase"]
[SourceDate "1998.11.10"]
[WhiteTeamCountry "ROM"]
[BlackTeamCountry "YUG"]

1. e4 c5 2. Nf3 e6 3. d4 cxd4 4. Nxd4 Nc6 5. Nc3 Nf6 6. Bf4 d6 7. Nf3 Be7 8.
Qd2 O-O 9. O-O-O Qa5 10. Bc4 Ne5 11. Bb3 b5 12. Qe1 b4 13. Nb1 Bb7 14. Nbd2
Rfc8 15. Kb1 Qb5 16. Nd4 Qe8 17. Bg3 a5 18. f4 a4 19. Bd5 Nc6 20. Nxe6 fxe6 21.
Bxe6+ Kh8 22. e5 Nd4 23. Nc4 Nxe6 24. exf6 Bxf6 25. Nxd6 Qc6 26. Nxc8 Rxc8 27.
Qxb4 Qxc2+ 28. Ka1 Nd4 29. Rb1 Qxb1+ 0-1

[Event "YUG-ch"]
[Site "Belgrade"]
[Date "1978.01.23"]
[Round "4"]
[White "Knezevic, Milorad J"]
[Black "Velimirovic, Dragoljub"]
[Result "0-1"]
[WhiteElo "2505"]
[BlackElo "2520"]
[PlyCount "74"]
[EventDate "1978.01.??"]
[EventType "tourn"]
[EventRounds "17"]
[EventCountry "YUG"]
[EventCategory "10"]
[Source "ChessBase"]
[SourceDate "1998.11.10"]
[WhiteTeamCountry "ROM"]
[BlackTeamCountry "YUG"]

1. Nf3 c5 2. c3 Nf6 3. d4 e6 4. Bf4 cxd4 5. cxd4 b5 6. e3 a6 7. Bd3 Bb7 8. Nbd2
Nc6 9. h3 Qb6 10. O-O Be7 11. Ne5 Nb4 12. Bb1 d6 13. Nd3 Nc6 14. a3 O-O 15. Bg5
Na5 16. Nf4 g6 17. Ne4 Qd8 18. Nc3 Rc8 19. Qe2 Nd5 20. Bh6 Nxc3 21. bxc3 Re8
22. Qg4 Kh8 23. Ba2 Rxc3 24. Bxe6 fxe6 25. Bg7+ Kg8 26. Nxg6 Kxg7 27. Nf4+ Kh8
28. Nxe6 Rg8 29. Nxd8 Bxd8 30. Qxg8+ Kxg8 31. Rfc1 Rc4 32. Rxc4 bxc4 33. Rc1
Be4 34. f3 Bd3 35. Kf2 Nb3 36. Rd1 Ba5 37. g4 Bd2 0-1

[Event "YUG-ch"]
[Site "Belgrade"]
[Date "1978.01.25"]
[Round "5"]
[White "Velimirovic, Dragoljub"]
[Black "Mestrovic, Zvonimir"]
[Result "1-0"]
[WhiteElo "2520"]
[BlackElo "2435"]
[PlyCount "81"]
[EventDate "1978.01.??"]
[EventType "tourn"]
[EventRounds "17"]
[EventCountry "YUG"]
[EventCategory "10"]
[Source "ChessBase"]
[SourceDate "1998.11.10"]
[WhiteTeamCountry "ROM"]
[BlackTeamCountry "YUG"]

1. e4 Nc6 2. Nf3 d6 3. d4 e5 4. dxe5 Bg4 5. Bb5 dxe5 6. Qxd8+ Rxd8 7. Bxc6+
bxc6 8. Be3 Bxf3 9. gxf3 Bd6 10. Nd2 f5 11. exf5 Ne7 12. Bxa7 O-O 13. Be3 Rxf5
14. Ke2 Nd5 15. c4 Nf4+ 16. Bxf4 Rxf4 17. Ne4 Rdf8 18. c5 Be7 19. Rhd1 Rxf3 20.
Rd3 R3f4 21. Ke3 Rh4 22. a4 h6 23. a5 Rxh2 24. a6 Rh3+ 25. Kd2 Rxd3+ 26. Kxd3
Rd8+ 27. Kc4 Kf7 28. a7 Ra8 29. b4 Ke6 30. b5 Kd7 31. Ra6 h5 32. bxc6+ Ke6 33.
Ra1 h4 34. Nc3 g5 35. Nb5 Bd8 36. Rd1 h3 37. Rd7 g4 38. Kd3 Kf5 39. Ke2 Be7 40.
Rxe7 Rh8 41. Rd7 1-0

[Event "YUG-ch"]
[Site "Belgrade"]
[Date "1978.01.26"]
[Round "6"]
[White "Velimirovic, Dragoljub"]
[Black "Nikolac, Juraj"]
[Result "0-1"]
[WhiteElo "2520"]
[BlackElo "2495"]
[PlyCount "81"]
[EventDate "1978.01.??"]
[EventType "tourn"]
[EventRounds "17"]
[EventCountry "YUG"]
[EventCategory "10"]
[Source "ChessBase"]
[SourceDate "1998.11.10"]
[WhiteTeamCountry "ROM"]
[BlackTeamCountry "YUG"]

1. e4 c6 2. d4 d5 3. exd5 cxd5 4. c4 Nf6 5. Nc3 Nc6 6. Nf3 Bg4 7. cxd5 Nxd5 8.
Qb3 Bxf3 9. gxf3 Nb6 10. Be3 e6 11. Rg1 Rc8 12. Rd1 g6 13. d5 Nxd5 14. Qxb7 Bb4
15. Bb5 Qc7 16. Qxc7 Rxc7 17. Rg4 Bxc3+ 18. bxc3 Nxe3 19. fxe3 Ke7 20. Rc4 Rhc8
21. f4 Nb8 22. Rxc7+ Rxc7 23. Kd2 Nd7 24. Kc2 Nf6 25. Rd3 Ne4 26. Ba4 h5 27.
Bb3 h4 28. c4 f6 29. Rd4 Nc5 30. Kc3 g5 31. fxg5 fxg5 32. Bc2 Nd7 33. Rg4 Kf6
34. Rg1 Ne5 35. Bd3 g4 36. Rf1+ Kg5 37. Be2 g3 38. hxg3 h3 39. Kd4 Ng4 40. Rf4
e5+ 41. Ke4 0-1

[Event "YUG-ch"]
[Site "Belgrade"]
[Date "1978.01.27"]
[Round "7"]
[White "Raicevic, Vladimir"]
[Black "Velimirovic, Dragoljub"]
[Result "1/2-1/2"]
[WhiteElo "2470"]
[BlackElo "2520"]
[PlyCount "93"]
[EventDate "1978.01.??"]
[EventType "tourn"]
[EventRounds "17"]
[EventCountry "YUG"]
[EventCategory "10"]
[Source "ChessBase"]
[SourceDate "1998.11.10"]
[WhiteTeamCountry "ROM"]
[BlackTeamCountry "YUG"]

1. c4 c5 2. Nf3 g6 3. Nc3 Bg7 4. e3 Nf6 5. Be2 O-O 6. O-O Nc6 7. d4 cxd4 8.
exd4 d5 9. Bf4 dxc4 10. d5 Na5 11. Be5 Bg4 12. Qd4 Bxf3 13. Bxf3 Ne8 14. Rfe1
f6 15. Bg3 e5 16. Qd2 Nd6 17. Bd1 Nf5 18. Bg4 Nxg3 19. Be6+ Kh8 20. hxg3 Nc6
21. Re4 Nd4 22. Rxd4 exd4 23. Qxd4 f5 24. Qxc4 Qb6 25. Qe2 Rad8 26. Rd1 Rfe8
27. Qc2 Qc5 28. Qb3 b5 29. Rc1 a6 30. Ne2 Qd6 31. Nf4 Re7 32. Rc6 Qe5 33. d6
Rxd6 34. Rc8+ Bf8 35. Rxf8+ Kg7 36. Rg8+ Kh6 37. Bd5 Red7 38. Bf3 Qe1+ 39. Kh2
Qxf2 40. Qc3 Qd4 41. Qc1 Qd2 42. Qh1 Qe3 43. b3 Rd2 44. Qa1 Qxf3 45. Qf6 Rxg2+
46. Nxg2 Qh5+ 47. Kg1 1/2-1/2

[Event "YUG-ch"]
[Site "Belgrade"]
[Date "1978.01.29"]
[Round "8"]
[White "Velimirovic, Dragoljub"]
[Black "Kurajica, Bojan"]
[Result "1/2-1/2"]
[WhiteElo "2520"]
[BlackElo "2530"]
[PlyCount "53"]
[EventDate "1978.01.??"]
[EventType "tourn"]
[EventRounds "17"]
[EventCountry "YUG"]
[EventCategory "10"]
[Source "ChessBase"]
[SourceDate "1998.11.10"]
[WhiteTeamCountry "ROM"]
[BlackTeamCountry "YUG"]

1. e4 c5 2. Nf3 Nc6 3. d4 cxd4 4. Nxd4 Nf6 5. Nc3 e6 6. Ndb5 d6 7. Bf4 e5 8.
Bg5 a6 9. Bxf6 gxf6 10. Na3 b5 11. Nd5 f5 12. g4 fxg4 13. c3 Bh6 14. Nc2 Ne7
15. Ncb4 Kf8 16. Nxe7 Qxe7 17. Nd5 Qb7 18. h3 Be6 19. hxg4 Bg5 20. Be2 Bxd5 21.
Qxd5 Qxd5 22. exd5 Kg7 23. a4 Rhb8 24. b4 e4 25. Kd1 Rc8 26. axb5 axb5 27. Kc2
1/2-1/2

[Event "YUG-ch"]
[Site "Belgrade"]
[Date "1978.01.30"]
[Round "9"]
[White "Ivkov, Borislav"]
[Black "Velimirovic, Dragoljub"]
[Result "1/2-1/2"]
[WhiteElo "2515"]
[BlackElo "2520"]
[PlyCount "32"]
[EventDate "1978.01.??"]
[EventType "tourn"]
[EventRounds "17"]
[EventCountry "YUG"]
[EventCategory "10"]
[Source "ChessBase"]
[SourceDate "1998.11.10"]
[WhiteTeamCountry "ROM"]
[BlackTeamCountry "YUG"]

1. c4 c5 2. Nf3 g6 3. d4 cxd4 4. Nxd4 Nc6 5. e4 Bg7 6. Be3 Nf6 7. Nc3 O-O 8.
Be2 d6 9. O-O Nd7 10. Qd2 Nc5 11. Rac1 Bd7 12. Rfd1 Na4 13. Nxa4 Nxd4 14. Bxd4
Bxa4 15. Bxg7 Kxg7 16. b3 Bc6 1/2-1/2

[Event "YUG-ch"]
[Site "Belgrade"]
[Date "1978.02.01"]
[Round "10"]
[White "Velimirovic, Dragoljub"]
[Black "Ivanovic, Bozidar"]
[Result "0-1"]
[WhiteElo "2520"]
[BlackElo "2460"]
[PlyCount "104"]
[EventDate "1978.01.??"]
[EventType "tourn"]
[EventRounds "17"]
[EventCountry "YUG"]
[EventCategory "10"]
[Source "ChessBase"]
[SourceDate "1998.11.10"]
[WhiteTeamCountry "ROM"]
[BlackTeamCountry "YUG"]

1. e4 c5 2. Nf3 Nc6 3. d4 cxd4 4. Nxd4 Nf6 5. Nc3 d6 6. Bc4 e6 7. Be3 a6 8. Qe2
Be7 9. O-O-O Qc7 10. Bb3 O-O 11. Rhg1 Na5 12. g4 b5 13. g5 Nxb3+ 14. axb3 Nd7
15. f4 b4 16. Na4 Bb7 17. f5 e5 18. f6 exd4 19. fxe7 Rfe8 20. Rxd4 Rxe7 21.
Rxb4 Bxe4 22. Nc3 Bc6 23. Rh4 Nf8 24. Qd2 Rae8 25. Bd4 Ng6 26. Rh3 Qa5 27. Kb1
Re2 28. Qd1 Qf5 29. Nxe2 Qxh3 30. Rg3 Qxh2 31. Rc3 Bb5 32. Ng3 Bd7 33. Qf3 Qd2
34. Be3 Qe1+ 35. Bc1 Qg1 36. Re3 Rxe3 37. Qxe3 Qxe3 38. Bxe3 Kf8 39. Bd4 Nf4
40. Ne4 Ne6 41. Be3 Ke7 42. Ng3 g6 43. c4 Bc6 44. Kc2 f6 45. gxf6+ Kxf6 46. Kd3
h5 47. b4 h4 48. Ne4+ Ke5 49. Ng5 Nf4+ 50. Kd2 Ng2 51. Bg1 Kf6 52. Nh3 g5 0-1

[Event "YUG-ch"]
[Site "Belgrade"]
[Date "1978.02.02"]
[Round "11"]
[White "Bukic, Enver"]
[Black "Velimirovic, Dragoljub"]
[Result "1/2-1/2"]
[WhiteElo "2500"]
[BlackElo "2520"]
[PlyCount "90"]
[EventDate "1978.01.??"]
[EventType "tourn"]
[EventRounds "17"]
[EventCountry "YUG"]
[EventCategory "10"]
[Source "ChessBase"]
[SourceDate "1998.11.10"]
[WhiteTeamCountry "ROM"]
[BlackTeamCountry "YUG"]

1. d4 Nf6 2. c4 c5 3. d5 e6 4. Nc3 exd5 5. cxd5 d6 6. Nf3 g6 7. Bf4 a6 8. a4
Bg7 9. e4 O-O 10. Nd2 Nh5 11. Be3 Nd7 12. Be2 Ne5 13. O-O Qh4 14. f4 Ng4 15.
Bxg4 Bxg4 16. Qe1 Qe7 17. Qf2 Rfe8 18. Rae1 b5 19. h3 b4 20. hxg4 bxc3 21. gxh5
cxd2 22. Bxd2 Bxb2 23. e5 dxe5 24. fxe5 Bd4 25. Be3 Qxe5 26. Qxf7+ Kh8 27. Bf2
Bxf2+ 28. Qxf2 Qxd5 29. Qf6+ Kg8 30. hxg6 Qd4+ 31. Qxd4 cxd4 32. gxh7+ Kxh7 33.
Rxe8 Rxe8 34. Rf4 Rd8 35. Kf1 d3 36. Ke1 d2+ 37. Kd1 Kg6 38. Rb4 Kf5 39. Rb6
Rg8 40. Kxd2 Rxg2+ 41. Kc3 a5 42. Kc4 Ke5 43. Kb5 Kd5 44. Rh6 Rg8 45. Kxa5 Kc5
1/2-1/2

[Event "YUG-ch"]
[Site "Belgrade"]
[Date "1978.02.03"]
[Round "12"]
[White "Velimirovic, Dragoljub"]
[Black "Hulak, Krunoslav"]
[Result "0-1"]
[WhiteElo "2520"]
[BlackElo "2450"]
[PlyCount "54"]
[EventDate "1978.01.??"]
[EventType "tourn"]
[EventRounds "17"]
[EventCountry "YUG"]
[EventCategory "10"]
[Source "ChessBase"]
[SourceDate "1998.11.10"]
[WhiteTeamCountry "ROM"]
[BlackTeamCountry "YUG"]

1. e4 c5 2. Nf3 Nc6 3. d4 cxd4 4. Nxd4 Nf6 5. Nc3 e6 6. Nb3 Bb4 7. Bd3 d5 8.
exd5 Nxd5 9. O-O Nxc3 10. bxc3 Bxc3 11. Ba3 Bf6 12. Qg4 h5 13. Qe2 Be7 14. Bb2
Bf6 15. Bxf6 Qxf6 16. Rab1 g6 17. Nc5 O-O 18. Ne4 Qe7 19. Qd2 Kg7 20. f4 Qd7
21. Kh1 Rd8 22. Qe1 b6 23. Bb5 Bb7 24. Rb4 Qd5 25. Qc3+ Nd4 26. Re1 Rac8 27.
Bc4 Qf5 0-1

[Event "YUG-ch"]
[Site "Belgrade"]
[Date "1978.02.07"]
[Round "15"]
[White "Vukic, Milan"]
[Black "Velimirovic, Dragoljub"]
[Result "0-1"]
[WhiteElo "2480"]
[BlackElo "2520"]
[PlyCount "82"]
[EventDate "1978.01.??"]
[EventType "tourn"]
[EventRounds "17"]
[EventCountry "YUG"]
[EventCategory "10"]
[Source "ChessBase"]
[SourceDate "1998.11.10"]
[WhiteTeamCountry "ROM"]
[BlackTeamCountry "YUG"]

1. d4 Nf6 2. c4 c5 3. d5 d6 4. Nc3 g6 5. Nf3 Bg7 6. e4 O-O 7. Be2 e5 8. dxe6
Bxe6 9. Bf4 Qb6 10. Qb3 Qc6 11. Ng5 h6 12. Nxe6 fxe6 13. Bf3 e5 14. Be3 Qd7 15.
Rd1 b6 16. Nd5 Nc6 17. Qa4 Kh7 18. O-O Rad8 19. Nxf6+ Rxf6 20. Kh1 Qb7 21. Be2
Rdf8 22. Qc2 Nb4 23. Qb1 R8f7 24. a3 Nc6 25. b4 Nd4 26. Bxd4 cxd4 27. Kg1 h5
28. b5 Bh6 29. Qc2 Qc8 30. Rde1 Qf8 31. Bd3 g5 32. f3 g4 33. Qe2 Be3+ 34. Kh1
h4 35. f4 Rxf4 36. Rxf4 Rxf4 37. h3 Kh6 38. Qd1 gxh3 39. gxh3 Rf3 40. Bf1 Qg7
41. Bg2 Rf2 0-1

[Event "YUG-ch"]
[Site "Belgrade"]
[Date "1978.02.08"]
[Round "16"]
[White "Velimirovic, Dragoljub"]
[Black "Matulovic, Milan"]
[Result "1-0"]
[WhiteElo "2520"]
[BlackElo "2525"]
[PlyCount "127"]
[EventDate "1978.01.??"]
[EventType "tourn"]
[EventRounds "17"]
[EventCountry "YUG"]
[EventCategory "10"]
[Source "ChessBase"]
[SourceDate "1998.11.10"]
[WhiteTeamCountry "ROM"]
[BlackTeamCountry "YUG"]

1. e4 c6 2. d3 g6 3. g3 Bg7 4. Bg2 d5 5. Nd2 e5 6. Ngf3 Ne7 7. O-O O-O 8. Re1
Nd7 9. c3 a5 10. a4 Re8 11. Qc2 Nc5 12. Nxe5 Bxe5 13. d4 Bxd4 14. cxd4 Nxe4 15.
Nxe4 dxe4 16. Qxe4 Bf5 17. Qh4 Nd5 18. Bg5 Qd6 19. Bxd5 Qxd5 20. Be7 Qf3 21.
Re5 Be6 22. Ra3 Qd1+ 23. Kg2 Bc4 24. g4 Qf1+ 25. Kg3 Qg1+ 26. Kf4 f6 27. Bxf6
Rxe5 28. dxe5 Qc1+ 29. Re3 Rf8 30. Kg5 Qxb2 31. f4 Qd4 32. Qg3 b5 33. f5 b4 34.
fxg6 hxg6 35. Qh3 Rxf6 36. exf6 Qc5+ 37. Kh4 g5+ 38. Kh5 Bf7+ 39. Kh6 Qf8+ 40.
Kxg5 Qc5+ 41. Kh4 b3 42. Re2 Qd4 43. Qf3 b2 44. Qf5 b1=Q 45. Qxb1 Qxf6+ 46. Kg3
Qc3+ 47. Kf4 Qc4+ 48. Qe4 Qc1+ 49. Qe3 Qc4+ 50. Kg3 Qxa4 51. Qg5+ Kh7 52. Rf2
Qb3+ 53. Kh4 Qe6 54. Qf6 Qxf6+ 55. Rxf6 Bd5 56. Kg5 a4 57. Rd6 a3 58. Rd7+ Kg8
59. Ra7 a2 60. Kf6 c5 61. g5 Kf8 62. h4 Ke8 63. h5 Kd8 64. h6 1-0

[Event "YUG-ch"]
[Site "Belgrade"]
[Date "1978.02.10"]
[Round "17"]
[White "Planinec, Albin"]
[Black "Velimirovic, Dragoljub"]
[Result "1/2-1/2"]
[WhiteElo "2475"]
[BlackElo "2520"]
[PlyCount "99"]
[EventDate "1978.01.??"]
[EventType "tourn"]
[EventRounds "17"]
[EventCountry "YUG"]
[EventCategory "10"]
[Source "ChessBase"]
[SourceDate "1998.11.10"]
[WhiteTeamCountry "ROM"]
[BlackTeamCountry "YUG"]

1. e4 c5 2. Nf3 Nc6 3. Nc3 g6 4. Bc4 Bg7 5. O-O e6 6. d4 cxd4 7. Nb5 d5 8. exd5
exd5 9. Bxd5 Nge7 10. Bxc6+ Nxc6 11. Bg5 Qb6 12. Nd6+ Kf8 13. Bf4 h6 14. Re1
Be6 15. Nh4 g5 16. Rxe6 fxe6 17. Ng6+ Kg8 18. Qg4 Nd8 19. Ne7+ Kf8 20. Ng6+ Kg8
21. Re1 Kh7 22. Bg3 Qc6 23. c3 Re8 24. Nxe8 Qxe8 25. Ne5 dxc3 26. Qe4+ Kg8 27.
bxc3 Rc8 28. c4 Nf7 29. Ng6 Bf6 30. h4 Qc6 31. Qxe6 Kg7 32. Qf5 Re8 33. Ne5
Bxe5 34. Bxe5+ Kg8 35. hxg5 hxg5 36. Re3 Re6 37. Bd4 Rxe3 38. Bxe3 Qxc4 39.
Bxg5 Qxa2 40. Qg6+ Kf8 41. Be3 Qa1+ 42. Kh2 Qh8+ 43. Kg3 Qe5+ 44. Bf4 Qg7 45.
Qxg7+ Kxg7 46. Kf3 a5 47. Ke4 a4 48. Kd4 Kf6 49. Kc4 Ne5+ 50. Bxe5+ 1/2-1/2

[Event "Osijek"]
[Site "Osijek"]
[Date "1978.04.07"]
[Round "1"]
[White "Smederevac, Petar"]
[Black "Velimirovic, Dragoljub"]
[Result "1/2-1/2"]
[WhiteElo "2335"]
[BlackElo "2520"]
[PlyCount "81"]
[EventDate "1978.04.07"]
[EventType "tourn"]
[EventRounds "13"]
[EventCountry "YUG"]
[EventCategory "9"]
[Source "ChessBase"]
[SourceDate "2009.11.30"]
[WhiteTeamCountry "ROM"]
[BlackTeamCountry "YUG"]

1. e4 c5 2. Nc3 Nc6 3. g3 e6 4. Bg2 Nf6 5. Nge2 d5 6. exd5 exd5 7. d4 Bg4 8. h3
Bh5 9. g4 Bg6 10. Be3 cxd4 11. Nxd4 Bb4 12. O-O O-O 13. Nce2 Re8 14. Nf4 Bd6
15. Nxg6 hxg6 16. Re1 Be5 17. c3 Bxd4 18. cxd4 Qb6 19. Qb3 Qxb3 20. axb3 a6 21.
Rec1 Ne4 22. Bf1 Ng3 23. Bd3 Nb4 24. Rc3 Nxd3 25. Rxd3 Ne4 26. Ra5 b5 27. Ra1
Rec8 28. f3 Nf6 29. Kf2 Rc2+ 30. Rd2 Rc6 31. Re2 Rac8 32. Bd2 Re8 33. Rxe8+
Nxe8 34. Ke2 Nc7 35. Kd3 Ne6 36. h4 f6 37. Rh1 Kf7 38. h5 g5 39. Re1 Nf4+ 40.
Bxf4 gxf4 41. Kd2 1/2-1/2

[Event "Osijek"]
[Site "Osijek"]
[Date "1978.04.08"]
[Round "2"]
[White "Velimirovic, Dragoljub"]
[Black "Adorjan, Andras"]
[Result "1/2-1/2"]
[WhiteElo "2520"]
[BlackElo "2515"]
[PlyCount "66"]
[EventDate "1978.04.07"]
[EventType "tourn"]
[EventRounds "13"]
[EventCountry "YUG"]
[EventCategory "9"]
[Source "ChessBase"]
[SourceDate "2009.11.30"]
[WhiteTeamCountry "ROM"]
[BlackTeamCountry "YUG"]

1. a3 g6 2. g3 Bg7 3. Bg2 d5 4. Nf3 Nf6 5. O-O O-O 6. d3 c5 7. Nc3 Nbd7 8. e4
d4 9. Ne2 Ne8 10. c4 Rb8 11. b4 b6 12. Nd2 Nd6 13. b5 Bb7 14. f4 e5 15. Ra2 f5
16. exf5 Bxg2 17. Kxg2 Nxf5 18. Ne4 Nf6 19. Nxf6+ Qxf6 20. fxe5 Qxe5 21. Nf4
Ne3+ 22. Bxe3 dxe3 23. Re2 Bh6 24. Nd5 Rxf1 25. Qxf1 Rf8 26. Qe1 Qh5 27. h3
Qf3+ 28. Kh2 Re8 29. a4 Re6 30. Nc3 Rd6 31. Nd5 Re6 32. Nc3 Rd6 33. Nd5 Re6
1/2-1/2

[Event "Osijek"]
[Site "Osijek"]
[Date "1978.04.09"]
[Round "3"]
[White "Marovic, Drazen"]
[Black "Velimirovic, Dragoljub"]
[Result "1-0"]
[WhiteElo "2455"]
[BlackElo "2520"]
[PlyCount "103"]
[EventDate "1978.04.07"]
[EventType "tourn"]
[EventRounds "13"]
[EventCountry "YUG"]
[EventCategory "9"]
[Source "ChessBase"]
[SourceDate "2009.11.30"]
[WhiteTeamCountry "ROM"]
[BlackTeamCountry "YUG"]

1. Nf3 c5 2. c4 g6 3. d4 cxd4 4. Nxd4 Bg7 5. e4 Nc6 6. Be3 Nf6 7. Nc3 Ng4 8.
Qxg4 Nxd4 9. Qd1 Ne6 10. Qd2 d6 11. Rc1 a5 12. Be2 Bd7 13. O-O Bc6 14. f3 O-O
15. b3 Nc5 16. Rfd1 Qb6 17. Nd5 Bxd5 18. cxd5 Rfc8 19. Rc4 Qd8 20. Rdc1 b5 21.
Rxc5 dxc5 22. Bxb5 Bd4 23. Bc6 Rab8 24. Bxd4 cxd4 25. Qxd4 Qd6 26. Rc2 Rb4 27.
Qc3 a4 28. e5 Qb8 29. bxa4 Rxa4 30. Qd2 Qb6+ 31. Kf1 Rd4 32. Rb2 Qc5 33. Qe2
Rc4 34. g3 e6 35. Bd7 Rc1+ 36. Kg2 Rg1+ 37. Kh3 Rc7 38. dxe6 Kg7 39. Rd2 fxe6
40. f4 Qe7 41. Ba4 Qb4 42. Bb3 Rc3 43. Rd7+ Kh6 44. Kg4 Rc6 45. Qe3 Qe1 46.
Qxe1 Rxe1 47. Re7 Rec1 48. Bxe6 Rc7 49. Re8 R1c2 50. h3 R7c3 51. Kh4 Kg7 52.
Rg8+ 1-0

[Event "Osijek"]
[Site "Osijek"]
[Date "1978.04.12"]
[Round "5"]
[White "Kurajica, Bojan"]
[Black "Velimirovic, Dragoljub"]
[Result "1-0"]
[WhiteElo "2530"]
[BlackElo "2520"]
[PlyCount "83"]
[EventDate "1978.04.07"]
[EventType "tourn"]
[EventRounds "13"]
[EventCountry "YUG"]
[EventCategory "9"]
[Source "ChessBase"]
[SourceDate "2009.11.30"]
[WhiteTeamCountry "ROM"]
[BlackTeamCountry "YUG"]

1. e4 c5 2. Nf3 Nc6 3. d4 cxd4 4. Nxd4 g6 5. Nc3 Bg7 6. Nb3 Nf6 7. Be2 O-O 8.
O-O d6 9. Kh1 a5 10. a4 Be6 11. f4 Qb6 12. Nd5 Bxd5 13. exd5 Nb4 14. Bf3 Rac8
15. c3 Nd3 16. Qxd3 Qxb3 17. Re1 Nd7 18. Qe2 Nc5 19. Ra3 Qb6 20. Be3 Rfe8 21.
b4 axb4 22. a5 Qa6 23. cxb4 Qxe2 24. Rxe2 Na6 25. b5 Nb4 26. Ra4 Nd3 27. a6
bxa6 28. bxa6 Nb2 29. Rxb2 Bxb2 30. a7 Ra8 31. h4 Rec8 32. Be2 Rc3 33. Bg1 Rc1
34. Kh2 Kg7 35. Bb6 e6 36. Ba6 exd5 37. Bb7 Rxa7 38. Bxa7 Rc4 39. Ra2 Bc1 40.
Bxd5 Rxf4 41. g3 Rb4 42. Rc2 1-0